| 000 | 00757nam a2200217 u 4500 | ||
|---|---|---|---|
| 005 | 20240418063728.0 | ||
| 008 | 100518s2004 r 000 0 eng d | ||
| 020 | _a9706415122 (10 dígitos) | ||
| 020 | _a9789706418371 (13 dígitos) | ||
| 035 | _aUPN01000175904 | ||
| 049 | _aI | ||
| 050 | 4 |
_aPZ78 _bQ8.3 |
|
| 100 | 1 |
_aQuezadas, Juan Carlos, _d1970- |
|
| 245 | 1 | 3 |
_aUn dragón morado y otros contratiempos : _b(con la participación del coro de loros léperos del pirata Ralf) / _cJuan Carlos Quezadas ; il. Manuel Poulain. |
| 260 |
_aMéxico : _bProgreso, _c2004. |
||
| 300 |
_a218 p. : _bil. |
||
| 440 | 0 | _aRehilete | |
| 650 | 0 |
_aLiteratura juvenil mexicana _915848 |
|
| 650 | 0 |
_aAventuras y aventureros _vLiteratura juvenil _911236 |
|
| 905 | _aLibro | ||
| 999 |
_c148007 _d148007 |
||